<?xml version="1.0" encoding="UTF-8"?>
<collection xmlns="http://www.loc.gov/MARC21/slim">
 <record>
  <leader>00654nam a22002055a 4500</leader>
  <controlfield tag="001">CEM.cems021286</controlfield>
  <controlfield tag="008">240705s1999####ag############000#0#und#d</controlfield>
  <controlfield tag="005">20240705160437.0</controlfield>
  <datafield tag="245" ind1="1" ind2="0">
   <subfield code="a">Los jinetes del Chaco /</subfield>
   <subfield code="c">Miguel Ángel Palermo ; ilustrado por Oscar Rojas.</subfield>
  </datafield>
  <datafield tag="250" ind1=" " ind2=" ">
   <subfield code="a">1a ed. 1a reimp.</subfield>
  </datafield>
  <datafield tag="260" ind1=" " ind2=" ">
   <subfield code="a">Buenos Aires :</subfield>
   <subfield code="b">Libros del Quirquincho,</subfield>
   <subfield code="c">1999.</subfield>
  </datafield>
  <datafield tag="300" ind1=" " ind2=" ">
   <subfield code="a">64 p.</subfield>
  </datafield>
  <datafield tag="490" ind1="1" ind2=" ">
   <subfield code="a">La otra historia ;</subfield>
   <subfield code="v">11</subfield>
  </datafield>
  <datafield tag="020" ind1=" " ind2=" ">
   <subfield code="a">9879380193</subfield>
  </datafield>
  <datafield tag="100" ind1="1" ind2=" ">
   <subfield code="a">Palermo, Miguel Ángel.</subfield>
  </datafield>
  <datafield tag="700" ind1="1" ind2=" ">
   <subfield code="a">Rojas, Oscar.</subfield>
  </datafield>
  <datafield tag="653" ind1=" " ind2=" ">
   <subfield code="a">Historia argentina</subfield>
  </datafield>
  <datafield tag="653" ind1=" " ind2=" ">
   <subfield code="a">Pueblos originarios</subfield>
  </datafield>
  <datafield tag="653" ind1=" " ind2=" ">
   <subfield code="a">Tobas</subfield>
  </datafield>
  <datafield tag="859" ind1=" " ind2=" ">
   <subfield code="a">CEMS</subfield>
   <subfield code="b">BIB. CEMS - Inicial y Primaria</subfield>
   <subfield code="h">982</subfield>
   <subfield code="i">P174</subfield>
   <subfield code="k">IP</subfield>
   <subfield code="p">3311</subfield>
   <subfield code="t">Ej.1</subfield>
  </datafield>
 </record>
</collection>
